La maldita vanidad (Record no. 54599)

MARC details
000 -LEADER
campo de control de longitud fija 00538nam a22001695i 4500
001 - NÚMERO DE CONTROL
campo de control 54599
003 - IDENTIFICADOR DE NÚMERO DE CONTROL
campo de control ES-MaACL
007 - CAMPO FIJO DE DESCRIPCIÓN FÍSICA--INFORMACIÓN GENERAL
campo de control de longitud fija t|
008 - DATOS DE LONGITUD FIJA--INFORMACIÓN GENERAL
campo de control de longitud fija 960724s1872 sp ||||1| spa d
040 ## - FUENTE DE CATALOGACIÓN
Centro catalogador/agencia de origen CAM
Lengua de catalogación spa
Centro/agencia transcriptor CAM
100 0# - ENTRADA PRINCIPAL--NOMBRE DE PERSONA
Nombre de persona Frontaura, Carlos,
Fechas asociadas al nombre 1834-1910
9 (RLIN) 52739
245 13 - MENCIÓN DEL TÍTULO
Título La maldita vanidad
Resto del título : cuento de salón /
Mención de responsabilidad, etc. Carlos Frontaura.
260 ## - PUBLICACIÓN, DISTRIBUCIÓN, ETC.
Lugar de publicación, distribución, etc. Madrid :
Nombre del editor, distribuidor, etc. [s.n.],
Fecha de publicación, distribución, etc. 1872 (
Fabricante Imprenta, fundición y estereptipia de Juan Aguado)
300 ## - DESCRIPCIÓN FÍSICA
Extensión 284, [4] p. ;
Dimensiones 18 cm.
852 ## - LOCALIZACIÓN
Ubicación ES-MaACL
Número de control de estantería G-10952(1)
Holdings
Estatus retirado Estado de pérdida Estado de daño No para préstamo Colección Biblioteca de origen Biblioteca actual Ubicación en estantería Fecha de adquisición Fuente de adquisición Total de préstamos Signatura topográfica completa Código de barras Visto por última vez Precio de reemplazo Tipo de ítem Koha
        Libros del s. XIX Biblioteca del Ateneo de Madrid Biblioteca del Ateneo de Madrid Sala Pecera Planta 3 17/01/2008     G-10952(1) 1057371 23/02/2023 23/02/2023 Libro impreso antiguo